| 000 -LEADER |
| fixed length control field |
00290nam a22000977a 4500 |
| 082 ## - DEWEY DECIMAL CLASSIFICATION NUMBER |
| Classification number |
A99 D721 |
| 245 ## - TITLE STATEMENT |
| Title |
The essential R.S. Tolia |
| Statement of responsibility, etc |
by Doon Library & Research Centre |
| 260 ## - PUBLICATION, DISTRIBUTION, ETC. (IMPRINT) |
| Place of publication, distribution, etc |
Dehra Dun |
| Name of publisher, distributor, etc |
Doon Library & Research Centre |
| Date of publication, distribution, etc |
2017 |
| 300 ## - PHYSICAL DESCRIPTION |
| Extent |
907p. |
| 650 ## - SUBJECT ADDED ENTRY--TOPICAL TERM |
| Topical term or geographic name as entry element |
Tolia, R.S., 1947-2016 |
| 9 (RLIN) |
59654 |